1, 2, 3, arriba!: (Record no. 16186)

MARC details
000 -LEADER
fixed length control field 00454nam a22001935 4500
001 - CONTROL NUMBER
control field sjdsz9bblp b2224220
003 - CONTROL NUMBER IDENTIFIER
control field sjds
005 - DATE AND TIME OF LATEST TRANSACTION
control field 20160905104400.0
008 - FIXED-LENGTH DATA ELEMENTS--GENERAL INFORMATION
fixed length control field 141203s2014 j 1 spa
020 ## - INTERNATIONAL STANDARD BOOK NUMBER
International Standard Book Number 9788416126019 ;
020 ## - INTERNATIONAL STANDARD BOOK NUMBER
International Standard Book Number 8416126011
040 ## - CATALOGING SOURCE
Transcribing agency sjds
041 ## - LANGUAGE CODE
Language code of text/sound track or separate title spa
050 #4 - LIBRARY OF CONGRESS CALL NUMBER
Classification number Easy
100 1# - MAIN ENTRY--PERSONAL NAME
Personal name Crozon, Alain.
245 10 - TITLE STATEMENT
Title 1, 2, 3, arriba!:
Remainder of title un libro con movimento!
260 ## - PUBLICATION, DISTRIBUTION, ETC. (IMPRINT)
Name of publisher, distributor, etc. Kokinos,
Date of publication, distribution, etc. 2014
942 ## - ADDED ENTRY ELEMENTS (KOHA)
Koha item type Libro/Book
Source of classification or shelving scheme Dewey Decimal Classification
Holdings
Withdrawn status Lost status Damaged status Not for loan Home library Current library Date acquired Inventory number Total Checkouts Barcode Date last seen Price effective from Koha item type
        Capulin -- Satellite Capulin -- Satellite 05/09/2016 Inventory date: 7/7/25   35100758 05/09/2016 05/09/2016 Libro/Book

Powered by Koha